[Event "Olbia CIG U16 24th"]
[Site "Olbia"]
[Date "2016.06.30"]
[Round "6"]
[White "D'Avino, Gianfranco"]
[Black "Cristicchia, Matteo"]
[Result "1-0"]
[WhiteElo "2103"]
[BlackElo "1902"]
[PlyCount "73"]
[EventDate "2016.06.26"]
[EventType "swiss"]
[EventRounds "9"]
[EventCountry "ITA"]
[SourceTitle "EXT 2024"]
[Source "ChessBase"]
[SourceDate "2023.10.10"]
[SourceVersion "1"]
[SourceVersionDate "2023.10.10"]
[SourceQuality "1"]

1. d4 d5 2. c4 c6 3. Nf3 e6 4. Nc3 Nf6 5. Bg5 Nbd7 6. e3 Qa5 7. Nd2 Bb4 8. Qc2 0-0 9. Nb3 Qc7 10. Bd3 e5 11. cxd5 cxd5 12. 0-0 a6 13. dxe5 Qxe5 14. Bf4 Qe7 15. Bxh7+ Kh8 16. Bd3 Ne5 17. Rac1 Bd6 18. Nd4 g6 19. Bg5 Be6 20. e4 Nxd3 21. Bxf6+ Qxf6 22. Qxd3 Kg7 23. exd5 Bxh2+ 24. Kxh2 Rh8+ 25. Kg1 Qf4 26. Nxe6+ fxe6 27. Qg3 Qh6 28. Qe5+ Kf7 29. Qxe6+ Kf8 30. Qh3 Qg7 31. Qf3+ Kg8 32. Rce1 Rf8 33. Qg4 Qh6 34. f3 Rf4 35. Re8+ Rf8 36. Qe6+ Kg7 37. Re7+ 1-0

[Event "Porto San Giorgio Weekend-B 14th"]
[Site "Porto San Giorgio"]
[Date "2011.11.19"]
[Round "1"]
[White "Cristicchia, Matteo"]
[Black "Maggiore, Francesco"]
[Result "0-1"]
[WhiteElo "1607"]
[BlackElo "1751"]
[PlyCount "112"]
[EventDate "2011.11.19"]
[EventType "swiss"]
[EventRounds "6"]
[EventCountry "ITA"]
[SourceTitle "EXT 2024"]
[Source "ChessBase"]
[SourceDate "2023.10.10"]
[SourceVersion "1"]
[SourceVersionDate "2023.10.10"]
[SourceQuality "1"]

1. e4 e6 2. d4 d5 3. e5 c5 4. c3 Nc6 5. Nf3 Qb6 6. a3 a5 7. Be2 cxd4 8. cxd4 Nge7 9. b3 Nf5 10. Bb2 Bd7 11. 0-0 Rc8 12. Re1 Be7 13. Qd3 0-0 14. Qb5 Qxb5 15. Bxb5 Nxe5 16. Nxe5 Bxb5 17. Nc3 Ba6 18. Rac1 Bd6 19. Nf3 b5 20. g4 Ne7 21. h3 b4 22. axb4 Bxb4 23. Re3 Ng6 24. Ng5 h6 25. Nf3 Nf4 26. Ne5 f6 27. Nd7 Rfd8 28. Nb6 Rc6 29. Nba4 Rdc8 30. Na2 Ne2+ 31. Rxe2 Bxe2 32. Rxc6 Rxc6 33. Nxb4 axb4 34. Nc5 e5 35. Kg2 Kf7 36. Kg3 Ke7 37. f4 Rc7 38. Kf2 Bb5 39. fxe5 fxe5 40. Ke3 Kd6 41. h4 g5 42. hxg5 hxg5 43. Nd3 exd4+ 44. Bxd4 Bxd3 45. Kxd3 Ke6 46. Bb2 Rh7 47. Bc1 Rh3+ 48. Kd4 Rxb3 49. Bxg5 Rg3 50. Bd2 Rxg4+ 51. Kd3 Rc4 52. Bh6 b3 53. Bg7 Kd6 54. Bh8 Kc5 55. Bb2 Kb4 56. Ke3 Rc2 0-1

[Event "Porto San Giorgio Weekend U16 13th"]
[Site "Porto San Giorgio"]
[Date "2010.11.27"]
[Round "4"]
[White "Cristicchia, Matteo"]
[Black "Renzetti, Leonardo"]
[Result "1/2-1/2"]
[WhiteElo "1509"]
[BlackElo "1548"]
[PlyCount "131"]
[EventDate "2010.11.20"]
[EventType "swiss"]
[EventRounds "6"]
[EventCountry "ITA"]
[SourceTitle "EXT 2024"]
[Source "ChessBase"]
[SourceDate "2023.10.10"]
[SourceVersion "1"]
[SourceVersionDate "2023.10.10"]
[SourceQuality "1"]

1. e4 e6 2. d4 d5 3. exd5 exd5 4. Nf3 Be6 5. Be2 Bd6 6. 0-0 Nf6 7. Nc3 c6 8. Bg5 Nbd7 9. Qd2 Qc7 10. Bxf6 Nxf6 11. Qg5 0-0 12. Ne5 Ne4 13. Nxe4 dxe4 14. Qh5 Bxe5 15. Qxe5 Qxe5 16. dxe5 Rad8 17. Rfd1 Rd5 18. Rxd5 Bxd5 19. c4 Be6 20. Rd1 Re8 21. Rd4 Bf5 22. g4 Bg6 23. h4 h5 24. gxh5 Bf5 25. f4 exf3 26. Bxf3 Rxe5 27. Rd8+ Kh7 28. Rb8 Re7 29. Ra8 a6 30. Ra7 Rc7 31. Kg2 Bb1 32. a3 Bd3 33. b3 Bc2 34. b4 Bd3 35. c5 Bb5 36. Ra8 Re7 37. Rb8 f5 38. Rf8 Re3 39. Rxf5 Rxa3 40. Rf8 Re3 41. Kf2 Re7 42. Bg4 Bd3 43. Rf3 Be2 44. Bf5+ Kh6 45. Re3 Rf7 46. Kxe2 Rxf5 47. Re7 Rxh5 48. Rxb7 Rxh4 49. Rb6 g6 50. Rxc6 Rxb4 51. Rxa6 Rc4 52. Ra5 g5 53. Kd3 Rc1 54. Kd4 g4 55. Ra2 Kg5 56. Kd5 g3 57. c6 Kh4 58. Ra4+ Kh3 59. Rc4 Rd1+ 60. Ke5 Re1+ 61. Kd6 g2 62. c7 Re8 63. Rc1 Kh2 64. Kd7 Rg8 65. c8Q Rxc8 66. Kxc8 1/2-1/2

[Event "Porto San Giorgio Weekend U16 13th"]
[Site "Porto San Giorgio"]
[Date "2010.11.21"]
[Round "3"]
[White "Morelli, Anita"]
[Black "Cristicchia, Matteo"]
[Result "1/2-1/2"]
[WhiteElo "1368"]
[BlackElo "1509"]
[PlyCount "56"]
[EventDate "2010.11.20"]
[EventType "swiss"]
[EventRounds "6"]
[EventCountry "ITA"]
[SourceTitle "EXT 2024"]
[Source "ChessBase"]
[SourceDate "2023.10.10"]
[SourceVersion "1"]
[SourceVersionDate "2023.10.10"]
[SourceQuality "1"]

1. d4 d5 2. c4 Nc6 3. Nc3 dxc4 4. Nf3 Bg4 5. e3 e5 6. dxe5 Qxd1+ 7. Nxd1 Bxf3 8. gxf3 Nxe5 9. f4 Nd3+ 10. Bxd3 cxd3 11. Bd2 Nf6 12. f3 Nd5 13. a3 c5 14. b3 Rd8 15. Nb2 Nc7 16. a4 Be7 17. Bc3 Rg8 18. Rd1 b5 19. Rxd3 Rxd3 20. Nxd3 bxa4 21. bxa4 Nd5 22. Bd2 f6 23. Ke2 Kd7 24. Nb2 Rb8 25. Nc4 Nb6 26. Nb2 Rc8 27. Rc1 Bd6 28. h4 c4 1/2-1/2